000 00860cam a2200277 i 4500
001 768714001
003 CO-MdFUSB
005 20240604103149.0
007 ta
008 240601t1892 -us||||| |||| 00| 0 eng d
040 _cCO-MdFUSB
041 0 _aspa
082 0 4 _224
_a234
_bS7723t
100 1 _aSpurgeon, C. H. (Charles Haddon) (1834-1892)
_eautor
245 1 0 _aTotalmente por gracia :
_buna palabra urgente con los que buscan la salvación por medio del Señor Jesucristo
_c/ Charles H. Spurgeon
264 1 _bMount Zion Bible Institute,
_aPensacola, FL., USA :
_c[1892]
264 4 _c©1892
300 _a108 Pág
336 _atexto
_btxt
_2rdacontent
337 _2rdamedia
_asin mediación
_bn
338 _2rdacarrier
_avolumen
_bnc
505 0 0 _aVol. 2 : Guía de estudio
653 _aSoteriología
942 _cBK
945 _aestudiante
999 _c32175
_d32175